Welcome to the Holygrace Academy Library

Please use search bar below to get started

NEW PHYSICS TEXTBOOK FOR CLASS XI (Record no. 508)

MARC details
000 -LEADER
fixed length control field 00336nam a22001337a 4500
020 ## - INTERNATIONAL STANDARD BOOK NUMBER
ISBN 978-93-82314-07-3
082 ## - DEWEY DECIMAL CLASSIFICATION NUMBER
Classification number 530
Item number LAL/P
100 ## - MAIN ENTRY--AUTHOR NAME
Personal name SURINDRA LAL
245 ## - TITLE STATEMENT
Title NEW PHYSICS TEXTBOOK FOR CLASS XI
Remainder of title PART II
260 ## - PUBLICATION, DISTRIBUTION, ETC. (IMPRINT)
Place of publication DELHI
Name of publisher G.R.BATHLA PUBLICATIONS
Year of publication 2014
300 ## - PHYSICAL DESCRIPTION
Number of Pages 600
650 ## - SUBJECT ADDED ENTRY--TOPICAL TERM
Topical Term PHYSICS FOR CLASS XI
Geographic subdivision INDIA
942 ## - ADDED ENTRY ELEMENTS (KOHA)
Koha item type Books
Holdings
Withdrawn status Lost status Collection code Home library Current library Shelving location Date acquired Source of acquisition Cost, normal purchase price Full call number Accession Number Koha item type
    Reference Main Library Main Library On Display 24/06/2014 purchase 552.00 530 LAL/P 08862 Books